000 00852nam a2200229 4500
003 CO-ViMGA
020 _a9789588954660
040 _aCO-ViMGA
_bspa
_cCO-ViMGA
090 _aC BEL6
100 1 _aBelli, Gioconda,
_d1948-
_913092
245 1 0 _aCuando floreció la risa /
_cGioconda Belli ; ilustraciones Alicia Baladan
260 _aBogotá :
_bBabel,
_c2018
300 _a[23] páginas :
_b ilustraciones en color; 30 cm.
490 _aPlan Nacional de Lectura y Escritura Leer es mi Cuento / Ministerio de Cultura
500 _aRecomendado para un público infantil mayor de 6 años
650 1 4 _aBosques
_xCuentos infantiles
_913095
650 1 4 _aCuentos infantiles nicaraguenses
_913094
650 1 4 _aLibros ilustrados para niños
_987
650 1 4 _aLiteratura infantil nicaraguenses
_913093
700 1 _aBaladan, Alicia
_913096
942 _2ddc
_cBK
999 _c8675
_d8675